000 01421nam a2200337 a 4500
001 000044766
003 DO-SdBNP
005 20220114124545.0
008 150109s2014 dr 000 0 spa d
020 _a9789945415568
040 _aDO-SdBNP
_bspa
_cBNPHU
082 _a417.7293
_bA325o 2014
_222
100 1 _aAlba, Orlando
245 1 0 _aObservación del cambio lingüístico en tiempo real :
_bel nuevo léxico disponible de los dominicanos /
_cOrlando Alba; presentación Enrique A. Ramírez Paniagua; liminar Agripino Núñez Collado; prólogo Humberto López Morales.
260 _aSanto Domingo :
_bBanco de Reservas,
_c2014.
300 _a330 p. ;
_c24 cm.
500 _aIncluye datos biográficos del autor en la solapa de la cubierta.
500 _aIncluye referencias bibliográfcas y notas a pie de las páginas
504 _aBibliografía p: 133-142
590 _aInventariado, 2022/VM
650 4 _aCambio linguístico
_xEstadística
_zRepública Dominicana
_v
650 4 _aSociolingüística
_zRepública Dominicana
700 1 _aRamírez Paniagua, Enrique A.
_epresentación
700 1 _aNúñez Collado, Agripino
700 1 _aLópez Morales, Humberto
_eprol.
710 2 _aBanco de Reservas de la Repuública Dominicana.
710 2 _aPontificia Universidad Católica Madre y Maestra (República Dominicana).
830 0 _aOro
_n4
910 _aVMateo V.
942 _2ddc
_cBK
999 _c13422
_d13422